000 00367nam a2200109Ia 4500
005 20251222144747.0
008 251222s9999||||xx |||||||||||||| ||spa||
082 _a338.985/S47
100 _aShimabukuro, Iris
245 0 _aObservatorios Socioeconómicos Laborales-OSEL: La Cooperación Público-Privada en las Experiencias de los OSEL de Lima Norte y Sur
942 _cLIB
999 _c19178
_d19178